Δημιούργησε το business plan

Αποθηκεύτηκε σε:
Λεπτομέρειες βιβλιογραφικής εγγραφής
Κύριος συγγραφέας: Finch, Brian (Συγγραφέας)
Μορφή: Βιβλίο
Γλώσσα:Greek
English
Δημοσίευση: Αθήνα : Δίαυλος, c2002.
Σειρά:Σε 30'
Θέματα:
Ετικέτες: Προσθήκη ετικέτας
Δεν υπάρχουν, Καταχωρήστε ετικέτα πρώτοι!

MARC

LEADER 00000cam a2200000 a 4500
001 1/125314
008 220908t2002####gr | | ||| |||| ||gre||
020 |a 9605311410   |q (χαρτόδετο)  
040 |a GR-MyUa  |b gre  |c GR-MyUa  |e AACR2 
041 1 |a gre  |h eng 
082 7 |a 658.4012   |2 (23)  
100 1 |a Finch, Brian,  |e aut 
245 1 0 |a Δημιούργησε το business plan /   |c Brian Finch ; μετάφραση Κωνσταντίνος Λουκόπουλος ; επιμέλεια σειράς Γιώργος Ανδριανόπουλος.  
246 1 |i Άλλες παραλλαγές του τίτλου:   |a Σε 30'... δημιούργησε το business plan  
260 |a Αθήνα :   |b Δίαυλος,   |c c2002.  
300 |a 94 σ. :   |b διαγρ., πίν. ;   |c 17 εκ.  
490 ? |a Σε 30'  
500 |a Μετάφραση του "30 minutes...to write a business plan".  
650 0 |a Business planning 
852 |a INST  |b CHIOS  |e 20220908  |h 658.4012 FIN  |p 005200040602  |q 005200040602  |t BK  |y 0 
970 |a Σπέντζα  |b Ελένη  |z 08-09-2022